000 00821nam a2200253Ia 4500
003 OSt
005 20220927105327.0
006 a|||||r|||| 00| 0
007 ta
008 220926b |||||||| |||| 00| 0 eng d
020 _a9789211251005
024 _a188728
037 _cReference Collections
040 _aRTL
_cRTL
_beng
041 _2eng
_aeng
082 _a"X:9914.6, P5/UN"
110 _a"UNITED NATIONS, ECONOMIC COMMISSION FOR AFRICA"
245 0 _aEconomic report on Africa 2005
_b Meeting the challenges of unemployment and povety in Africa.
260 _aNew
_bYork United Nations
_c2005
300 _a24p Bibliography: P 22-24
_ccm.
700 _a"UNITED NATIONS, ECONOMIC COMMISSION FOR AFRICA"
942 _h"X:9914.6, P5/UN"
_cCC
999 _c691859
_d691859